000 00517nam a2200217Ia 4500
003 0100
008 130307s9999 xx 000 0 und d
040 _cARRUPELIB
050 _aBT366.R39 1975
100 _aRichards, Hubert J
245 4 _aThe miracles of Jesus
245 _bwhat really happened; an introduction to the theology of John
260 _aLondon
260 _bFontana Books
260 _c1975
300 _a128p.
300 _b19 cm.
650 _aTHEOLOGY
650 _bPlato
942 0 0 _01
999 _c97719
_d97719